Sprzęt używany w kuchni - Statystyki

Ogólne statystyki
  • Ten quiz został rozwiązany 65 razy
  • Średni wynik to 4 z 10
Statystyki odpowiedzi
Odpowiedź % Poprawnych
Piekarnik
77%
Lodówka
68%
Mikser
68%
Czajnik
52%
Blender
48%
Patelnia
48%
Kuchenka Mikrofalowa
21%
Krajalnica
5%
Termomix
4%
Waga
2%
Nie znaleziono quizów pasujących do podanych kryteriów
Rozkład punktacji
Procent ludzi z każdym wynikiem
Percentyl według liczby udzielonych odpowiedzi
Twoja historia wyników
Nie rozwiązałeś tego quizu